Responses for Show #6815 - Friday, April 11, 2014

Sandie Baker game 3.

Contestants

[<< previous game]

Monique Aldred, a nanny originally from San Diego, California

Rebecca Baird, a college history teacher from Thousand Oaks, California

Sandie Baker, a translation coordinator from Eastpointe, Michigan (whose 2-day cash winnings total $44,900)

[next game >>]

Jeopardy! Round responses

SHAKESPEARE WITH SPOILER ALERTS
FASHION ABBREV.
BACK TO BASEBALL
U.S. PLACE NAMES
KNOW YOUR CAR
CHECK YOUR "OIL"
    $200 1
Julius Caesar

Rebecca
    $200 6
ready to wear

Sandie
    $200 16
the Mets

Sandie
    $200 18
Boulder

Rebecca
    $200 23
the battery

Sandie
    $200 11
recoil

Rebecca
    $400 2
Othello

Sandie
    $400 7
Yves Saint Laurent

Sandie
    $400 17
Nolan Ryan

Monique
    $400 19
Pearl Harbor

Rebecca
    $400 24
valves

Sandie
    $400 12
toil

Monique
    $1,000 3
(Sandie: Who is ... sorry, I don't remember.)

Cordelia

Sandie
    $600 8
a little black dress

Rebecca
    $600 28
David Ortiz

Triple Stumper
    $600 20
Georgia

Rebecca
    $600 25
(Alex: So if your mechanic says you have to replace it, give him one of these looks. Say, "oh, yeah?")

the head gasket

Triple Stumper
    $600 13
doily

Sandie
    $800 4
Romeo

Sandie
    $800 9
(Monique: What is constricted?)

body conscious or body contour

Monique
Triple Stumper
    $800 29
(Sandie: Who is Ty Cobb?)

Rickey Henderson

Sandie
Triple Stumper
    $800 21
Truth or Consequences

Sandie
    $800 26
spark plugs

Sandie
    $800 14
airfoil

Sandie
    $1000 5
(Monique: Who is Richard?)

Henry the Sixth

RebeccaMonique
    $1000 10
Diane von Furstenberg

Monique
    $1000 30
(Sandie: Who Willie Mays?)
(Alex: No.)
(Sandie: Oh!)
(Alex: Wrong team.)
(Sandie: That's right.)

Mickey Mantle

Sandie
Triple Stumper
    $1000 22
Ulysses

Rebecca
    $1000 27
(Monique: What is the alternator?)

carburetor

Monique
Triple Stumper
    $1000 15
boilerplate

Sandie

Scores at the first commercial break (after clue 15):

Sandie Rebecca Monique
$3,200 $2,000 -$400

Scores at the end of the Jeopardy! Round:

Sandie Rebecca Monique
$3,800 $4,200 -$1,000

Double Jeopardy! Round responses

WELCOME TO NASHVILLE
BEASTLY RHYME TIME
WOMEN OF CHINESE DESCENT
HISTORIC BATTLES
THE CHARACTER SHALL REMAIN NAMELESS
SPOT ME
    $400 21
the Grand Ole Opry

Monique
    $400 3
a fat rat

Rebecca
    $400 22
Julie Chen

Sandie
    $400 6
the Inca

Rebecca
    $400 11
That '70s Show

Sandie
    $400 16
freckles

Rebecca
    $800 27
(Monique: What is the Colosseum?)

the Parthenon

RebeccaMonique
    $800 4
a snail jail

Sandie
    $800 23
Avon

Monique
    $800 7
Hannibal

Rebecca
    $800 12
Clint Eastwood

Sandie
    $800 17
dominoes

Monique
    $1200 28
Cornelius Vanderbilt

Triple Stumper
    $1200 5
a shaven raven

Rebecca
    $1200 24
Labor

Monique
    $1200 8
the Battle of Hastings

Rebecca
    $1200 13
Daniel Craig

Monique
    $1200 18
your blind spot

Rebecca
    $1600 29
(Alvin) York

Sandie
    $1600 2
a wan swan

Sandie
    $2,500 25
Vera Wang

Monique
    $1600 9
Chiang Kai-shek

Rebecca
    $1600 14
Doctor Who

Monique
    $1600 19
fish

Rebecca
    $2000 30
(Alex: And the initials are [*].)

RCA

Triple Stumper
    $2000 1
an oyster cloister

Triple Stumper
    $2000 26
Maya Lin

Sandie
    $2,000 10
(Rebecca: What is Iwo Jima?)
(Alex: No, you picked the wrong one. [*] is the island.)

Guadalcanal

Rebecca
    $2000 15
The Road

Sandie
    $2000 20
(Alex: They are [*].)

anticyclones

Triple Stumper

Scores at the end of the Double Jeopardy! Round:

Sandie Rebecca Monique
$13,400 $11,800 $6,700

[wagering suggestions for these scores]

Final Jeopardy! Round responses

HISTORIC IRONY
(Alex: [Revealing Rebecca's response] Who is [*], he's the one, a terrible anti-Semite.)
MoniqueWho is Mozart?
$6,700
RebeccaWho is Richard Wagner
$11,800
SandieWho was Wagner?
$10,300
Richard Wagner

Final scores:

Sandie Rebecca Monique
$23,700 $23,600 $0
3-day champion: $68,600 2nd place: $2,000 3rd place: $1,000

Game dynamics:

Coryat scores:

Sandie Rebecca Monique
$14,400 $13,800 $5,800
20 R,
3 W
(including 1 DD)
18 R,
1 W
(including 1 DD)
10 R
(including 1 DD),
4 W

Combined Coryat: $34,000

[game clues] [game scores] [suggest correction]

Game tape date: 2013-12-18
The J! Archive is created by fans, for fans. Scraping, republication, monetization, and malicious use prohibited; this site may use cookies and collect identifying information. See terms. The Jeopardy! game show and all elements thereof, including but not limited to copyright and trademark thereto, are the property of Jeopardy Productions, Inc. and are protected under law. This website is not affiliated with, sponsored by, or operated by Jeopardy Productions, Inc. Join the discussion at JBoard.tv.